Library Banner

Civil law cases [CLC, 2014] (Record no. 72585)

MARC details
000 -LEADER
fixed length control field 00428nam a2200181Ia 4500
001 - CONTROL NUMBER
control field 67195
003 - CONTROL NUMBER IDENTIFIER
control field OSt
005 - DATE AND TIME OF LATEST TRANSACTION
control field 20220119123023.0
008 - FIXED-LENGTH DATA ELEMENTS--GENERAL INFORMATION
fixed length control field 150604s9999 xx 000 0 und d
020 ## - INTERNATIONAL STANDARD BOOK NUMBER
International Standard Book Number NA
040 ## - CATALOGING SOURCE
Transcribing agency PK-LaUMT
082 ## - DEWEY DECIMAL CLASSIFICATION NUMBER
Classification number 346.00264P
Item number CIV-
245 ## - TITLE STATEMENT
Title Civil law cases [CLC, 2014]
260 ## - PUBLICATION, DISTRIBUTION, ETC. (IMPRINT)
Place of publication, distribution, etc Lahore,Pakistan:
Name of publisher, distributor, etc P.L.D. Publishers,
Date of publication, distribution, etc 2014
546 ## - LANGUAGE NOTE
Language note EN
650 ## - SUBJECT ADDED ENTRY--TOPICAL TERM
Topical term or geographic name as entry element Civil Law-Cases
942 ## - ADDED ENTRY ELEMENTS (KOHA)
Koha item type Law and Policy Journals
Source of classification or shelving scheme Dewey Decimal Classification
Holdings
Withdrawn status Lost status Source of classification or shelving scheme Damaged status Not for loan Home library Current library Date acquired Total Checkouts Full call number Barcode Date last seen Price effective from Koha item type
    Dewey Decimal Classification     UMT Main Campus UMT Main Campus 2015-06-03   346.00264P CIV- 91936 2015-06-05 2015-06-05 Books
    Dewey Decimal Classification     UMT Main Campus UMT Main Campus 2015-06-05   346.00264P CIV- 91937 2015-06-05 2015-06-05 Books
    Dewey Decimal Classification     UMT Main Campus UMT Main Campus 2015-06-05   346.00264P CIV- 91938 2022-11-17 2015-06-05 Books